Statistiques concernant Culture Générale - Série 2422

Cliquez ici pour prendre le quiz!

Statistiques générales

  • Ce quiz a été pris 162 fois
  • Le résultat moyen est 6 sur 10

Statistiques - réponses

QuestionRéponse% Correct
Quel biscuit a été rendu célèbre par Marcel Proust ?madeleine
91%
Comment appelle-t-on une salle de judo ?dojo
82%
Quel anglicisme désigne une randonnée pédestre dans des régions montagneuses difficilement accessibles ? 4 lettres commençant par " t "trek
79%
Dans la mythologie grecque, quel est le dieu de la guerre ?Arès
75%
Comment appelle-t-on le stade transitoire par lequel passe une chenille avant de devenir un papillon ?chrysalide
70%
Qui est Norma Jane Baker ? prénom et nom - voir photoMarylin Monroe
68%
Quel est le nom de l'Avare de Molière ?Harpagon
49%
Dans quel film peut-on entendre cette réplique "t'as d'beaux yeux tu sais " ?Quai des brumes
39%
Quel est le prénom de l'auteur du roman Salammbô (1862) ?Gustave
32%
Comment appelle-t-on un arbre qui perd ses feuilles en hiver ?caduc
27%

Distribution des résultats

Percentile par nombre de réponses

% des personnes avec chaque résultat

Votre développement - résultats

Vous n’avez pas pris ce quiz